| 000 | 00473nam a2200205Ia 4500 | ||
|---|---|---|---|
| 008 | 170918s9999 xx 000 0 und d | ||
| 020 | _a9780545158879 | ||
| 050 | _bS859 1995 | ||
| 100 | _aStine, R.L. | ||
| 245 | 2 | _aA night in terror tower / | |
| 245 | _cby R.L. Stine. | ||
| 260 | _aNew York : | ||
| 260 | _bScholastic, | ||
| 260 | _c1995 | ||
| 300 | _a129 pages : | ||
| 300 | _billustrations ; | ||
| 300 | _c19cm. | ||
| 300 | _eGoosebumps. | ||
| 500 | _a510 | ||
| 999 |
_c343833 _d343833 |
||